| 000 | 00634cam a2200205u 4500 | ||
|---|---|---|---|
| 008 | |||
| 049 | _aMAIN | ||
| 090 |
_aTN673 _bPAY |
||
| 100 | 1 | _aPayne, F. Lewis. | |
| 245 | 0 | 0 |
_aMetallurgy : _ba scientific career in industry / _cPrepared by F. Lewis Payne. |
| 250 | _a2nd rev. ed. | ||
| 260 |
_aLondon : _bJoint Committee on Metallurgical Education, _c1948. |
||
| 300 |
_a38 p. _bfold. col. map. _c23 cm. |
||
| 650 | 0 |
_aMetallurgy _xVocational guidance. |
|
| 907 |
_a.b10240378 _b24-04-07 _c24-04-07 |
||
| 003 | |||
| 005 | 20230123134429.0 | ||
| 040 | _cNUST | ||
| 942 |
_cBOOKS _kTN673 _mPAY |
||
| 999 |
_c165805 _d165805 |
||